| 000 | 00500nam a2200169Ia 4500 | ||
|---|---|---|---|
| 999 |
_c7798 _d7798 |
||
| 020 | _a9788188789757 | ||
| 082 | _a320.954 GAT-S | ||
| 100 | _aGatade, Subhash | ||
| 245 | 0 | _aSaffron condition: politics of repression and exclusion in neoliberal India | |
| 260 |
_aNew Delhi _bThree Essays Collective _c2011 |
||
| 300 | _ax, 475 | ||
| 504 | _aincludes index | ||
| 650 |
_aIndia _vPolitics and Government |
||
| 650 |
_aPolitical Parties _zIndia |
||
| 650 |
_aReligion and politics _zIndia |
||
| 942 | _cBK | ||